000
00307nam a22001337a 4500
008
171013b xxu||||| |||| 00| 0 eng d
020
_a
9780131066755
041
_a
eng
080
_2
3 ED
_a
316
100
_a
51
101
_a
SOC
245
_a
MAJORITY MINORITY RELATIONS
_c
FARLEY.J.E
942
_2
udc
_c
BK
999
_c
33768
_d
33768